Statistics for Top 15 countries with highest tax revenue (% of GDP)

Click here to take the quiz!

General Stats

  • This quiz has been taken 784 times
  • The average score is 10 of 15

Answer Stats

Hint Answer % Correct
45.8%Sweden
94%
43.6%Norway
93%
43.6%Finland
90%
40.6%Germany
89%
44.6%France
89%
49%Denmark
88%
39.8%Netherlands
81%
46.8%Belgium
80%
42.6%Italy
80%
43.4%Austria
75%
40.4%Iceland
72%
44.8%Cuba
14%
41.2%Bosnia and Herzegovina
8%
49.3%Zimbabwe
5%
42.9%Lesotho
3%

Score Distribution

Percentile by Number Answered

Percent of People with Each Score

Your Score History

You have not taken this quiz